<?xml version="1.0" encoding="UTF-8"?>
<record
    xmlns:xsi="http://www.w3.org/2001/XMLSchema-instance"
    xsi:schemaLocation="http://www.loc.gov/MARC21/slim http://www.loc.gov/standards/marcxml/schema/MARC21slim.xsd"
    xmlns="http://www.loc.gov/MARC21/slim">

  <leader>01732cam a2200133   4500500</leader>
  <controlfield tag="005">20260517002229.0</controlfield>
  <datafield tag="041" ind1=" " ind2=" ">
    <subfield code="a">fre</subfield>
  </datafield>
  <datafield tag="042" ind1=" " ind2=" ">
    <subfield code="a">dc</subfield>
  </datafield>
  <datafield tag="100" ind1="1" ind2="0">
    <subfield code="a">Bloch, Ernst</subfield>
    <subfield code="e">author</subfield>
  </datafield>
  <datafield tag="245" ind1="0" ind2="0">
    <subfield code="a">Du r&#xEA;ve &#xE0; l'utopie :  Entretiens philosophiques</subfield>
  </datafield>
  <datafield tag="260" ind1=" " ind2=" ">
    <subfield code="b">Hermann,
									</subfield>
    <subfield code="c">2016.
										</subfield>
  </datafield>
  <datafield tag="520" ind1=" " ind2=" ">
    <subfield code="a">Ce livre est une anthologie des entretiens philosophiques qu'Ernst Bloch a accord&#xE9;s. Ces interventions d'un des plus grands philosophes allemands du XXe si&#xE8;cle &#xE9;claircissent de nombreux aspects de sa pens&#xE9;e. Ernst Bloch y pr&#xE9;sente notamment, de fa&#xE7;on didactique, le grand inventaire des r&#xE9;alisations de l'imagination utopique dans l'histoire de la culture, de l'architecture, de la peinture, de la litt&#xE9;rature et de la musique. Il &#xE9;voque aussi sa vie, sa jeunesse, ses souvenirs d'&#xE9;coliers, ses ann&#xE9;es d'&#xE9;tudes ; il raconte ses amiti&#xE9;s, notamment avec Georges Luk&#xE1;cs, Georg Simmel, Walter Benjamin, Theodor Adorno, Siegfried Kracauer ou Bertolt Brecht ; il relate ses exils, en Suisse et aux &#xC9;tats-Unis, sa lutte aux c&#xF4;t&#xE9;s des pacifistes contre la politique imp&#xE9;riale de Guillaume II, son combat contre l'Allemagne nazie ; il analyse enfin son engagement pour un marxisme &#xAB; ouvert &#xBB; et humaniste, oppos&#xE9; au stalinisme et orient&#xE9; vers la r&#xE9;alisation de &#xAB; l'utopie concr&#xE8;te &#xBB;. &#xC0; travers ce choix de textes r&#xE9;alis&#xE9; par Arno Munster, l'un des meilleurs sp&#xE9;cialistes de Bloch, c'est tout le parcours intellectuel du philosophe qui est trac&#xE9;, depuis ses premi&#xE8;res pens&#xE9;es existentielles, inspir&#xE9;es de la philosophie de Kierkegaard, jusqu'&#xE0; sa maturit&#xE9;, exprim&#xE9;e notamment dans Le Principe Esp&#xE9;rance.</subfield>
  </datafield>
  <datafield tag="856" ind1="4" ind2="1">
    <subfield code="u">https://shs.cairn.info/du-reve-a-lutopie--9782705691110?lang=fr&amp;redirect-ssocas=7080</subfield>
  </datafield>
  <datafield tag="999" ind1=" " ind2=" ">
    <subfield code="c">2241669</subfield>
    <subfield code="d">2241669</subfield>
  </datafield>
</record>
